LEADER 01275nam a2200313 a 4500 001 000000126975 003 CaOOAMICUS 005 20111111144229.0 008 111111s2011 it d u000 u ita r 040 $aPUL$bita 041 1 $aita$heng 082 04$a909 100 1 $aReader, John.$0(OLS)http://pul/name/47937 240 10$aAfrica.$lItaliano.$0(OLS)http://pul/title/160406 245 10$aAfrica :$bbiografia di un continente /$cJohn Reader ; traduzione di Maria Nicola. 260 $aMilano :$bMondadori,$c©2011. 300 $aVII, 699 p. :$bgraf. ;$c18 cm 490 1 $aI classici della storia ;$v60 504 $aInclude riferimenti bibliografici ed indice. 651 4$aAfrica.$0(OLS)http://pul/subject/29232 700 1 $aNicola, Maria.$0(OLS)http://pul/name/81033 830 0$aClassici della storia ;$v60.$0(OLS)http://pul/title/155349 850 $aPUL 852 $aPUL$W1$xSL Cons. Gen., Altre Classi 3$y75$m909 COLL 3.60$j146826$qDDC 21$B145521$CPULBib$Z2$F145521 $H118395 $82 941 1 $a9 996 $6082$a909$9(OLS)http://pul/classification/566 996 $6245$aAfrica :$bbiografia di un continente$9(OLS)http://pul/title/160407 996 $6260$aMilano :$bMondadori$9(OLS)http://pul/publisher/50297 LEADER 01276nam a2200325 u 4500 001 000000088841 003 CaOOAMICUS 005 20070226124544.0 008 051107s1968 it u000 u ita u 035 $a11067156 040 $aPUL(R)$bita 041 1 $aita$hfre 100 1 $aMonden, Louis,$cS.I.$0(OLS)http://pul/name/57695 240 10$aConscience du péché.$lItaliano.$0(OLS)http://pul/title/114772 245 13$aLa coscienza del peccato /$cLouis Monden. 260 $aTorino :$bBorla,$cc1968. 300 $a197 p. ;$c21 cm 490 1 $aBiblioteca di studi psicoreligiosi ;$v8 500 $aInclude indici. 500 $aBibliografia: p.[187]-197. 650 4$aSessuologia.$0(OLS)http://pul/subject/1695 650 4$aTeologia pastorale.$0(OLS)http://pul/subject/1301 650 4$aCastità.$0(OLS)http://pul/subject/1027 830 0$aBiblioteca di studi psicoreligiosi ;$v8.$0(OLS)http://pul/title/2659 850 $aPUL 852 $aPUL$W1$xDP1 Fondo Pastorale$y55$mP6 F 15$j112433$nBK-PRI$b $qFondi$B112433$CPULBib$Z2$F112433 $HPUL2059 $81 941 1 $a1 960 $aPastorale$91301 996 $6245$aLa coscienza del peccato$9(OLS)http://pul/title/114773 996 $6260$aTorino :$bBorla$9(OLS)http://pul/publisher/48084